=LDR 00000nam 2200000 4500 =001 INLIS000000000014091 =005 20140716120430.0 =006 =007 =008 Ind =035 ##$$a 0010-061300000014091 =041 ##$$a Ind =082 ##$$a 658 =090 ##$$a 658, Eri i =100 ##$$a Eriyatno =245 ##$$a Ilmu sistem, Meningkatkan mutu dan efektivitas manajemen jilid 1, Eriyatno =260 ##$$a 2003 $b Bogor =300 ##$$a xii, 147 hlm, Ilus, 24 cm =650 ##$$a Ilmu sistem =850 ##$$a NBPNMAT =990 ##$$a 0001/BPAP-NTB/20142014